000 00811nam a2200253 i 4500
003 DO-SdBNP
005 20250519145326.0
007 ta
008 250519b2022 dr a|||| |||| 00| 0 spa d
020 _a9789945944570
040 _aDO-SdBNP
_bspa
_cBNPHU
_erda
082 4 _axxx
_bH565t
_222
100 1 _aHerrera, Niurca
_eautor
_4aut.
_969847
245 1 3 _aLa tortuga presumida /
_cNiurca Herrera ; ilustraciones, Yanet Pérez Rosas.
264 4 _aSanto Domingo :
_bÚltimos Monstruos Editores,
_c©2022.
300 _a32 páginas :
_bilustraciones ;
_c27 cm.
336 _atexto
_btxt
_2rdacontent
337 _asin mediación
_bn
_2rdamedia
338 _avolumen
_bnc
_2rdacarrier
590 _aInventariado, 2025 /LP
700 1 _aPérez Rosas, Yanet
_eautor
_4aut.
_987826
910 _aLP
942 _2ddc
_cLBS1
999 _c59053
_d59053